Города по Фото — Д - Statistics

General Stats
  • This quiz has been taken 47 times
  • The average score is 6 of 20
Answer Stats
Picture Answer % Correct
Дубай
91%
Дублин
76%
Душанбе
58%
Дрезден
52%
Дели
48%
Детройт
42%
Дакка
39%
Доха
36%
Дамаск
33%
Денвер
27%
Дакар
21%
Дубровник
21%
Дербент
21%
Джакарта
18%
Дар-эс-Салам
12%
Дюссельдорф
9%
Джидда
6%
Джайпур
3%
Делфт
3%
Далянь
0%
No matching quizzes found
Score Distribution
Percent of People with Each Score
Percentile by Number Answered
Your Score History
You have not taken this quiz